[Event "San Sebastian de los Reyes op 19th"]
[Site "San Sebastian"]
[Date "2017.12.08"]
[Round "7"]
[White "Stefanescu, Iulian"]
[Black "Ojosnegros Martin, Angel"]
[Result "1-0"]
[WhiteElo "1721"]
[BlackElo "1519"]
[PlyCount "97"]
[EventDate "2017.12.02"]
[EventType "swiss"]
[EventRounds "9"]
[EventCountry "ESP"]
[SourceTitle "CBM 182 Extra"]
[Source "ChessBase"]
[SourceDate "2018.02.23"]
[SourceVersion "1"]
[SourceVersionDate "2018.02.23"]
[SourceQuality "1"]

1. b3 Nf6 2. Bb2 e6 3. e3 b6 4. f4 Bb7 5. Nf3 d5 6. d3 Nbd7 7. h3 Be7 8. Nbd2 c5 9. Be2 Qc7 10. Ne5 d4 11. Nxd7 Qxd7 12. e4 Qc7 13. 0-0 0-0-0 14. Nc4 Rhg8 15. Ne5 Bd6 16. Bc1 h6 17. Nc4 Be7 18. Bd2 Nd7 19. a3 Rdf8 20. c3 dxc3 21. Bxc3 g5 22. Bd2 gxf4 23. Bxf4 e5 24. Bh2 Bg5 25. Rf5 f6 26. Bh5 Kb8 27. Ra2 b5 28. Nd2 Be3+ 29. Kf1 Ba6 30. Qe2 Bd4 31. Nf3 Bc3 32. Bg1 b4 33. axb4 Qd6 34. Rxa6 Qxa6 35. bxc5 Qa1+ 36. Ne1 Rd8 37. Bf7 Qxe1+ 38. Qxe1 Bxe1 39. Bxg8 Rxg8 40. c6 Bh4 41. cxd7 Bg5 42. g3 Rd8 43. h4 Bc1 44. Rxf6 Rxd7 45. Ke2 Rb7 46. Rf8+ Kc7 47. Rf7+ Kc6 48. Rxb7 Kxb7 49. Be3 1-0

[Event "San Sebastian de los Reyes op 18th"]
[Site "San Sebastian"]
[Date "2016.12.10"]
[Round "8"]
[White "Calvo de Castro, Miguel"]
[Black "Stefanescu, Iulian"]
[Result "1-0"]
[WhiteElo "1787"]
[BlackElo "1699"]
[PlyCount "97"]
[EventDate "2016.12.03"]
[EventType "swiss"]
[EventRounds "9"]
[EventCountry "ESP"]
[SourceTitle "CBM 176 Extra"]
[Source "ChessBase"]
[SourceDate "2017.03.02"]
[SourceVersion "1"]
[SourceVersionDate "2017.03.02"]
[SourceQuality "1"]

1. d4 Nf6 2. c4 d5 3. e3 e6 4. Nf3 b6 5. Nbd2 Bb7 6. b3 Nbd7 7. Bb2 Bb4 8. Bd3 h6 9. 0-0 Bd6 10. Rc1 a5 11. Qe2 0-0 12. Bb1 a4 13. Ne5 Nh7 14. Nxd7 Qxd7 15. e4 axb3 16. axb3 Bb4 17. e5 f5 18. exf6 Rxf6 19. c5 Ba6 20. Bd3 Bxd3 21. Qxd3 Bxd2 22. Qxd2 Qb5 23. b4 Raf8 24. Qe3 Qxb4 25. Ba3 Qa4 26. cxb6 Ra8 27. bxc7 Qd7 28. Bd6 Ng5 29. Be7 Rf7 30. Bxg5 hxg5 31. Qxg5 Rc8 32. Qe5 Re7 33. Rc5 Rxc7 34. Rfc1 Rxc5 35. Rxc5 Qb7 36. g3 Qd7 37. Kg2 Rf7 38. g4 Qe8 39. f4 Re7 40. f5 exf5 41. Qxd5+ Kh8 42. Qxf5 Re2+ 43. Kg3 Qe3+ 44. Qf3 Qg1+ 45. Kh4 Qxh2+ 46. Qh3 Qf4 47. Rh5+ Kg8 48. Qb3+ Qf7 49. Rh8+ 1-0

[Event "San Sebastian de los Reyes op 18th"]
[Site "San Sebastian"]
[Date "2016.12.08"]
[Round "6"]
[White "Stefanescu, Iulian"]
[Black "Arroyo Martinez, Fernando"]
[Result "1/2-1/2"]
[WhiteElo "1699"]
[BlackElo "1967"]
[PlyCount "58"]
[EventDate "2016.12.03"]
[EventType "swiss"]
[EventRounds "9"]
[EventCountry "ESP"]
[SourceTitle "CBM 176 Extra"]
[Source "ChessBase"]
[SourceDate "2017.03.02"]
[SourceVersion "1"]
[SourceVersionDate "2017.03.02"]
[SourceQuality "1"]

1. b3 e5 2. Bb2 Nc6 3. e3 Nf6 4. Bb5 Bd6 5. h3 a6 6. Be2 Qe7 7. c4 0-0 8. a3 e4 9. Nc3 Re8 10. g4 h6 11. Qc2 b6 12. b4 Bb7 13. h4 Nh7 14. Nd5 Qd8 15. Rh3 Ne7 16. Qc3 f6 17. f4 Nxd5 18. cxd5 Bxd5 19. Bc4 Bxc4 20. Qxc4+ Kh8 21. g5 fxg5 22. hxg5 Qe7 23. gxh6 Qe6 24. hxg7+ Kg8 25. Qxe6+ dxe6 26. Rh5 Be7 27. Rh6 Bd6 28. Rh5 Be7 29. Rh6 Bd6 1/2-1/2